1593 1312 1916 1426 1997 1835 1720 1949 1109 1150 1802 1671 1660 1856 1031 1291 1241 1576 1482 1474 1759 1257 1036 1730 1636 1426 1801 1971 1641 1168 1336 1297 1063 1734 1875 1023 1516 1112 1488 1699 1722 1562 1222 1984 1358 1535 1610 1271 1705 1218 1213 1214 1524 1282 1168 1136 1104 1413 1230 1189 1547 1282 1557 1831 1560 1843 1291 1502 1383 1827 1764 1441 1661 1195 1250 1479 1110 1955 1315 1930 1834 1647 1829 1940 1933 1763 1730 1565 1058 1281 1146 1105 1521 1924 1845 1711 1625 1803 1506 BCNSPRNW ULIB Ver.6.0+V

เปลี่ยนเป็นภาษาไทย

Change to English
 แสดงรายละเอียดบรรณานุกรม
  กลับหน้าหลัก

Brief Record : Get Marc (ISO 2709) : E-mail record : QR code < ปิดหน้าต่าง
LEADER : 00000nam 2200000uu 4500
001    13399122640
003     ULIB
008    130820s2013||||th 000 0 eng d
020    ^a9781609136949
060 04 ^aWY49^bS387m
100 1  ^aSchultz, Judith M.
245 10 ^aLippincott's manual of psychiatric nursing care plans /^cJudith M. Schultz, Sheila L. Videbeck
246 30 ^aManual of psychiatric nursing care plans
246 30 ^aPsychiatric nursing care plans
250    ^a9th ed.
260    ^aPhiladelphia :^bWolters Kluwer Health/Lippincott, Williams& Wilkins,^c2013
300    ^ax, 392 p. ;^c28 cm.
504    ^aIncludes bibliographical references and index
650  0 ^aPsychiatric nursing^vHandbooks, manuals, etc.
650  0 ^aNursing care plans^vHandbooks, manuals, etc.
650  2 ^aMental Disorders^xnursing^vHandbooks
650  2 ^aPatient Care Planning^vHandbooks
650  2 ^aPsychiatric Nursing^xmethods^vHandbooks
700 1  ^aVidebeck, Sheila L.
945    ^p780^l0^i033825
999    ^aเกษร โพธิ์สุวรรณ
รายการนี้ยังไม่มีแท็ก
คุณยังไม่ได้ล็อกอิน คุณสามารถมีกิจกรรมร่วมกับเว็บไซต์ได้ แต่ต้องล็อกอินก่อน ::
  ล็อกอิน

รายการสื่อสารสนเทศ

ลำดับที่ ประเภท เลขเรียก/บาร์โค้ด สถานที่ สถานะ
1. วิทยาศาสตร์การแพทย์ และสุขภาพ
วิทยาศาสตร์การแพทย์ และสุขภาพ
WY49 S387m  
  Barcode: 033825
ห้องสมุดวิทยาเขตสวรรค์ประชารักษ์
►หนังสือทั่วไป
บนชั้น

BibComment


ยังไม่เคยถูกคอมเมนท์

คอมเมนท์ทรัพยากรรายการนี้
  คอมเมนท์: Lippincotts manu..


 Copyright 2026. Bcnsprnw @Library